000
00314nam a2200121Ia 4500
008
190216s9999||||xx |||||||||||||| ||und||
100
_a
Max D Richards & William A Nilander
245
0
_a
Readings In Management
260
_b
Himalaya Publishing House
_c
1969
300
_a
975p
650
_a
Commerce
942
_c
BK
999
_c
4595
_d
4595